00511nam a2200181 a 4500001001300000003000900013005001700022008004100039020001000080082001300090245005800103260004700161300000800208500003500216505001000251650003500261710003300296nice12345678IN_TiNIC20260116012352.0050524s1975 sina grp 000 0 eng  ac10000a268bCCA aEncounter With Education for Liberation and Community aSingapurbChristian Conference Indiac1975 a70p aincludes index and biblioraphy2 aIndex aChristian Education & Training2 aChristian Conference of Asia